Southville International School and Colleges
Your cart is empty.
  • Cart
  • Lists
    Public lists Eva Luna New books Lux_list list_1
    Your lists Log in to create your own lists
  • Log in to your account
  • Your cookies
  • Search history
Southville International School and Colleges
  • Advanced search
  • Recent comments
  • Most popular
  • Libraries

Log in to your account

Log in with GOOGLE


If you do not have an external account, but do have a local account, you can still log in:

  1. Home
  2. MARC view: Gymnastics books /
Normal view MARC view ISBD view

Gymnastics books / (Record no. 10635)

[ view plain ]
MARC details
000 -LEADER
fixed length control field 00534nam a22001937a 4500
003 - CONTROL NUMBER IDENTIFIER
control field OSt
005 - DATE AND TIME OF LATEST TRANSACTION
control field 20140310182217.0
008 - FIXED-LENGTH DATA ELEMENTS--GENERAL INFORMATION
fixed length control field 130907t xxu||||| |||| 00| 0 eng d
020 ## - INTERNATIONAL STANDARD BOOK NUMBER
International Standard Book Number 9712306291
050 ## - LIBRARY OF CONGRESS CALL NUMBER
Classification number GV 461
Item number .D587 1990
082 ## - DEWEY DECIMAL CLASSIFICATION NUMBER
Classification number HS 796.44
Item number D616 1990
100 ## - MAIN ENTRY--PERSONAL NAME
Personal name Dioso, Clarita P.
9 (RLIN) 17144
245 ## - TITLE STATEMENT
Title Gymnastics books /
Statement of responsibility, etc Clarita P. Dioso Ed.D.
260 ## - PUBLICATION, DISTRIBUTION, ETC. (IMPRINT)
Place of publication, distribution, etc Manila, Philipines :
Name of publisher, distributor, etc Rex book store,
Date of publication, distribution, etc c1990.
300 ## - PHYSICAL DESCRIPTION
Extent viii,151 p. :
Other physical details ill, ;
Dimensions 22 cm.
541 ## - IMMEDIATE SOURCE OF ACQUISITION NOTE
-- 1
562 ## - COPY AND VERSION IDENTIFICATION NOTE
Number of copies 1
942 ## - ADDED ENTRY ELEMENTS (KOHA)
Source of classification or shelving scheme Library of Congress Classification
Koha item type
Holdings
Withdrawn status Lost status Source of classification or shelving scheme Damaged status Home library Current library Shelving location Date acquired Total Checkouts Full call number Barcode Date last seen Copy number Price effective from Koha item type
    Library of Congress Classification   Luxembourg Library Luxembourg Library High School Section 09/07/2013   GV 461 .D587 1990 2687 09/07/2013 1 09/07/2013 Books

Gymnastics books /

APA

Dioso C. P., . (1990). Gymnastics books. Manila, Philipines: Rex book store.

Chicago

Dioso Clarita P, . 1990. Gymnastics books. Manila, Philipines: Rex book store.

Harvard

Dioso C. P., . (1990). Gymnastics books. Manila, Philipines: Rex book store.

MLA

Dioso Clarita P, . Gymnastics books. Manila, Philipines: Rex book store. 1990.

  • Place hold
  • Print
  • Cite
  • Add to your cart (remove)
  • Save record
    BIBTEX Dublin Core MARCXML MARC (non-Unicode/MARC-8) MARC (Unicode/UTF-8) MARC (Unicode/UTF-8, Standard) MODS (XML) RIS
  • More searches
    Search for this title in:
    Other Libraries (WorldCat) Other Databases (Google Scholar) Online Stores (Bookfinder.com) Open Library (openlibrary.org)

Exporting to Dublin Core...

SOUTHVILLE LIBRARY

Southville International School and Colleges Library

1281 Tropical Ave. Cor. Luxembourg St., BF Homes International, Las Pinas City

Tel. No. 8256374 / 252358 Loc. 117/146

Powered by Koha